| 000 | 01242nam a2200325 i 4500 | ||
|---|---|---|---|
| 001 | 000016570 | ||
| 003 | DO-SdBNP | ||
| 005 | 20260213113431.0 | ||
| 007 | ta | ||
| 008 | 100308s2000 dr 001 0 spa d | ||
| 040 |
_aDO-SdBNP _bspa _cBNPHU _erda |
||
| 041 | _aspa | ||
| 082 | 4 |
_a371.12 _bR426f _222 |
|
| 110 | 1 |
_aRepública Dominicana. _bSecretaría de Estado de Educación y Cultura _918697 |
|
| 245 | 1 | 0 |
_aFormación y capacitación del personal del sector educativo 1996 -2000 / _cSecretaría de Estado de Educación y Cultura |
| 250 | _aPrimera edición | ||
| 264 | 4 |
_aSanto Domingo, República Dominicana : _bSecretaría de Estado de Educación y Cultura, _c2000. |
|
| 300 |
_a275 páginas : _bilustraciones ; _c26 cm. |
||
| 336 |
_ardacontent _btexto _2txt |
||
| 337 |
_ardamedia _bsin mediación _2n |
||
| 338 |
_ardacarrier _bvolumen _2nc |
||
| 490 | 1 |
_aGestión educativa _vno. 20 |
|
| 590 | _aInventariado, 2026/DG | ||
| 650 | 0 |
_aPersonal docente _xCapacitación _zRepública Dominicana _981069 |
|
| 650 | 4 |
_aPersonal docente _916852 _xFormación profesional |
|
| 650 | 4 |
_aEducación _951588 _y1996-2000 |
|
| 830 | 0 |
_aGestión educativa _vno. 20 _919751 |
|
| 910 | _aDG./Validado. Control de calidad/MAA | ||
| 942 |
_2ddc _cLBS1 |
||
| 999 |
_c16103 _d16103 |
||